| 000 | 01316nam2a22002651 4500 | ||
|---|---|---|---|
| 001 | v19\rc\1601551 | ||
| 005 | 20250618221329.0 | ||
| 035 | _a(NLR Aleph) 004723830 | ||
| 090 |
_a4369597 _c4369597 |
||
| 100 | _a20061002d1896 |||y0rusy50 ca | ||
| 101 | 0 | _arus | |
| 102 | _aRU | ||
| 105 | _aa z ||||| | ||
| 200 | 0 | _a... с 1-го января 1891 г. по 1-е января 1896 г. | |
| 210 |
_d1896 _aБ. м. |
||
| 215 |
_a[2], 8, 16, 444 с., 2 л. черт. _cчерт. |
||
| 461 | 0 |
_1001v19\rc\1601550 _12001#$aСборник циркуляров по Службе пути и зданий...$fМ.П.С. Кур.-Харьк.-Севастоп. ж. д.$v... с 1-го января 1891 г. по 1-е января 1896 г. _94369587 _aКурско-Харьково-Севастопольская железная дорога. Служба пути и зданий _cХарьков _d1896-1899 _fМ.П.С. Кур.-Харьк.-Севастоп. ж. д. _tСборник циркуляров по Службе пути и зданий... _v... с 1-го января 1891 г. по 1-е января 1896 г. |
|
| 801 | 0 |
_aRU _bNLR _gpsbo |
|
| 801 | 0 |
_aRU _bRuMoRGB _2psbo |
|
| 801 | 1 |
_aRU _bProSoft-M _2rusmarc |
|
| 852 |
_aNLR _j18.282.1.17 |
||
| 899 |
_aRuMoRGB _jA 261/322 |
||
| 899 | _aБАН | ||
| 942 | _cBOOK | ||
| 980 | _aNB | ||